Top 50 najbardziej wartościowych piłkarzy w 2026 roku - Statystyki

Ogólne statystyki
  • Ten quiz został rozwiązany 255 razy
  • Średni wynik to 25 z 50
Statystyki odpowiedzi
Kwota Nazwisko % Poprawnych
200,00 mln € Kylian Mbappe
98%
200,00 mln € Lamine Yamal
98%
200,00 mln € Erling Haaland
94%
140,00 mln € Pedri
89%
150,00 mln € Vinicius Junior
88%
160,00 mln € Jude Bellingham
87%
100,00 mln € Ousmane Dembele
82%
130,00 mln € Bukayo Saka
70%
130,00 mln € Michael Olise
70%
90,00 mln € Desire Doue
68%
120,00 mln € Federico Valverde
65%
110,00 mln € Florian Wirtz
64%
130,00 mln € Jamal Musiala
64%
80,00 mln € Raphinha
63%
110,00 mln € Vitinha
60%
85,00 mln € Lautaro Martinez
59%
75,00 mln € Rodri
59%
120,00 mln € Cole Palmer
58%
120,00 mln € Declan Rice
57%
100,00 mln € Julian Alvarez
56%
80,00 mln € Pau Cubarsi
55%
90,00 mln € William Saliba
54%
75,00 mln € Nuno Mendes
53%
80,00 mln € Phil Foden
53%
120,00 mln € Alexander Isak
52%
80,00 mln € Achraf Hakimi
51%
110,00 mln € Joao Neves
48%
90,00 mln € Arda Guler
44%
70,00 mln € Fermin Lopez
43%
85,00 mln € Hugo Ekitike
42%
70,00 mln € Bradley Barcola
41%
85,00 mln € Dominik Szoboszlai
41%
75,00 mln € Aurelien Tchouameni
39%
85,00 mln € Enzo Fernandez
39%
90,00 mln € Khvicha Kvaratskhelia
38%
70,00 mln € Willian Pacho
38%
85,00 mln € Alexis Mac Allister
37%
75,00 mln € Martin Odegaard
37%
110,00 mln € Moises Caicedo
37%
75,00 mln € Bryan Mbeumo
36%
80,00 mln € Alessandro Bastoni
35%
70,00 mln € Dean Huijsen
28%
75,00 mln € Kenan Yildiz
26%
90,00 mln € Ryan Gravenberch
23%
75,00 mln € Victor Osimhen
22%
80,00 mln € Estevao
21%
75,00 mln € Martin Zubimendi
21%
75,00 mln € Gabriel Magalhaes
14%
75,00 mln € Bruno Guimaraes
13%
75,00 mln € Sandro Tonali
11%
Nie znaleziono quizów pasujących do podanych kryteriów
Rozkład punktacji
Procent ludzi z każdym wynikiem
Percentyl według liczby udzielonych odpowiedzi
Twoja historia wyników
Nie rozwiązałeś tego quizu